[Event "Gibraltar Masters 2015"]
[Site "Caleta ENG"]
[Date "2015.01.27"]
[Round "1.80"]
[White "Hamer, Martyn"]
[Black "Almagro Llamas, Pablo"]
[Result "1/2-1/2"]
[BlackTitle "IM"]
[WhiteElo "2014"]
[BlackElo "2469"]
[WhiteFideId "413160"]
[BlackFideId "2221799"]
[EventDate "2015.01.27"]

1. Nf3 Nf6 2. c4 g6 3. g3 Bg7 4. Bg2 O-O 5. O-O d6 6. d4 c6 7. Nc3 Qa5 8. e4 Qa6
9. e5 dxe5 10. dxe5 Ng4 11. Qe2 Be6 12. b3 Qa5 13. Bd2 Nxe5 14. Ng5 Bg4 15. Qe3
h6 16. Nge4 Na6 17. h3 Bf5 18. g4 Bxe4 19. Nxe4 Qb6 20. Qg3 Nc5 21. Be3 Nxe4 22.
Bxe4 Qa5 23. f4 Nd7 24. Rad1 Nf6 25. Bb1 Rfd8 26. f5 g5 27. h4 Qc3 28. Rc1 gxh4
29. Qf4 Qa5 30. g5 hxg5 31. Qxg5 Nh7 32. Qxh4 Bf6 33. Qh5 Kh8 34. Rf3 Rg8+ 35.
Kh1 Rg7 36. Bh6 Rag8 37. Bxg7+ Rxg7 38. Rd1 Qc7 39. Rh3 Qb8 40. Rd2 Qg8 41. Qd1
Rg3 42. Rhh2 Qg4 43. Qxg4 Rxg4 44. Rd8+ Kg7 45. Rg2 Rxg2 46. Kxg2 b6 47. b4 Bc3
48. b5 cxb5 49. cxb5 Nf6 50. Kf3 e6 51. fxe6 fxe6 52. Be4 Kf7 53. Ra8 Ke7 54.
Bc6 Kd6 55. Rxa7 Kc5 56. Ke3 Ba5 57. Kd3 Ng4 58. Ke4 Bc3 59. Ra3 Kb4 60. Rb3+
Kc4 61. Kf4 Nf2 62. Rb1 Nd3+ 63. Ke3 Bd4+ 64. Ke2 Nb2 65. Kd2 e5 66. Kc2 Na4 67.
Rb3 1/2-1/2

[Event "Gibraltar Masters 2015"]
[Site "Caleta ENG"]
[Date "2015.01.27"]
[Round "1.81"]
[White "Kjartansson, Gudmundur"]
[Black "Henderson de La Fuente, Lance"]
[Result "1-0"]
[WhiteTitle "IM"]
[WhiteElo "2468"]
[BlackElo "2014"]
[WhiteFideId "2301318"]
[BlackFideId "32096585"]
[EventDate "2015.01.27"]

1. c4 e5 2. g3 Nc6 3. Nc3 g6 4. Bg2 Bg7 5. e4 Nge7 6. Nge2 d6 7. d3 O-O 8. O-O
Be6 9. Nd5 Qd7 10. Be3 f5 11. Qd2 Rae8 12. Rad1 Nd4 13. Nxd4 exd4 14. Bg5 Nc8
15. Nf4 Bf7 16. exf5 Qxf5 17. Nd5 c6 18. Be4 Qd7 19. Nf6+ Bxf6 20. Bxf6 Bxc4 21.
dxc4 Rxf6 22. Qxd4 Rfe6 23. Bg2 Qg7 24. b4 Qxd4 25. Rxd4 Re2 26. b5 c5 27. Rdd1
R8e7 28. a4 Kg7 29. a5 Ra2 30. Bh3 Rc7 31. Ra1 Rxa1 32. Rxa1 d5 33. cxd5 Nd6 34.
b6 axb6 35. axb6 Rf7 36. f4 Nc4 37. Rc1 Nxb6 38. Rxc5 Na4 39. Rb5 Nc3 40. Rb3
Ne4 41. Rb6 Rc7 42. d6 Rc1+ 43. Kg2 Nc5 44. d7 Rd1 45. Rb5 Rd2+ 46. Kf3 b6 47.
Rxb6 Kf7 48. Rb8 Nxd7 49. Rb7 Ke8 50. Bxd7+ Rxd7 51. Rxd7 Kxd7 52. Kg4 Ke7 53.
Kg5 Kf7 54. Kh6 Kg8 55. g4 Kh8 56. g5 Kg8 57. h4 Kh8 58. h5 gxh5 59. Kxh5 Kg7
60. f5 Kf7 61. Kh6 Kg8 62. f6 Kh8 63. g6 Kg8 64. f7+ 1-0

[Event "Gibraltar Masters 2015"]
[Site "Caleta ENG"]
[Date "2015.01.27"]
[Round "1.82"]
[White "Nilsen, Martin"]
[Black "Krush, Irina"]
[Result "0-1"]
[BlackTitle "GM"]
[WhiteElo "2011"]
[BlackElo "2467"]
[WhiteFideId "1510657"]
[BlackFideId "2012782"]
[EventDate "2015.01.27"]

1. e4 c5 2. Nc3 e6 3. f4 d5 4. exd5 exd5 5. Bb5+ Nc6 6. Nf3 Nf6 7. O-O Be7 8.
Bxc6+ bxc6 9. d3 O-O 10. Ne5 Qc7 11. Qf3 Bd6 12. Bd2 Nd7 13. Ng4 f5 14. Nf2 Nf6
15. Rae1 Ba6 16. Re6 c4 17. Be3 Qd7 18. Rxf6 Rxf6 19. Nxd5 Re6 20. Nc3 Rae8 21.
Bd2 cxd3 22. cxd3 Bc5 23. Na4 Bd4 24. Bc3 Re3 25. Qh5 Bxd3 26. Rd1 Re2 0-1

[Event "Gibraltar Masters 2015"]
[Site "Caleta ENG"]
[Date "2015.01.27"]
[Round "1.83"]
[White "Carlsson, Pontus"]
[Black "Green, Per"]
[Result "1-0"]
[WhiteTitle "GM"]
[WhiteElo "2465"]
[BlackElo "1996"]
[WhiteFideId "1705814"]
[BlackFideId "1703811"]
[EventDate "2015.01.27"]

1. d4 e6 2. Nf3 Nf6 3. c4 Bb4+ 4. Nbd2 O-O 5. a3 Be7 6. e4 d5 7. e5 Nfd7 8. Bd3
c5 9. cxd5 exd5 10. O-O Nc6 11. Re1 Re8 12. Qc2 Nf8 13. dxc5 a5 14. Rb1 a4 15.
b4 axb3 16. Nxb3 Bg4 17. Nfd4 Nxd4 18. Nxd4 Qa5 19. Bb2 Qxc5 20. Qd2 Ne6 21. h3
Bh5 22. Nxe6 fxe6 23. Bd4 Qa5 24. Qxa5 Rxa5 25. Rxb7 Bxa3 26. Bb5 Rf8 27. Bd7
Bf7 28. Ra1 Rfa8 29. Rb6 Be7 30. Rab1 Rd8 31. Bxe6 Bxe6 32. Rxe6 Kf7 33. Reb6
Ra4 34. Rd1 Ke8 35. Rb5 Ra6 36. Be3 Re6 37. Rdxd5 Rxd5 38. Rxd5 g5 39. g3 Kf7
40. Kg2 Kg6 41. Kf3 Kf5 42. g4+ Kg6 43. Ke4 1-0

[Event "Gibraltar Masters 2015"]
[Site "Caleta ENG"]
[Date "2015.01.27"]
[Round "1.84"]
[White "Moradi, Kimia"]
[Black "Vishnu Prasanna, V"]
[Result "0-1"]
[BlackTitle "GM"]
[WhiteElo "1984"]
[BlackElo "2463"]
[WhiteFideId "12500100"]
[BlackFideId "5030692"]
[EventDate "2015.01.27"]

1. e4 c5 2. c3 d5 3. exd5 Qxd5 4. d4 Nc6 5. Nf3 Bf5 6. Be3 Nf6 7. c4 Qd8 8. d5
Nb4 9. Na3 Qa5 10. Bd2 e6 11. Nh4 Bg6 12. Nxg6 hxg6 13. dxe6 O-O-O 14. Be2 Ne4
15. Nb1 Be7 16. O-O Bg5 17. f4 Bf6 18. Qb3 Nxd2 19. Nxd2 Rxd2 20. exf7 Rxe2 21.
Qh3+ Rxh3 22. f8=Q+ Qd8 23. Qxd8+ Kxd8 24. gxh3 Bd4+ 25. Kh1 Nd3 26. Rab1 Nxb2
27. Rfe1 Rxe1+ 28. Rxe1 Kd7 29. Rc1 b5 30. cxb5 c4 31. a4 c3 32. a5 Nd3 33. Rc2
Nb4 0-1

[Event "Gibraltar Masters 2015"]
[Site "Caleta ENG"]
[Date "2015.01.27"]
[Round "1.85"]
[White "Venkatesh, M.R."]
[Black "Odeh, Kenneth"]
[Result "1-0"]
[WhiteTitle "GM"]
[WhiteElo "2460"]
[BlackElo "1982"]
[WhiteFideId "5005779"]
[BlackFideId "8500142"]
[EventDate "2015.01.27"]

1. Nf3 Nf6 2. g3 d5 3. Bg2 c6 4. d3 Bf5 5. Nbd2 e6 6. O-O h6 7. Qe1 Bb4 8. a3
Ba5 9. b4 Bb6 10. Bb2 O-O 11. Nb3 Nbd7 12. c4 dxc4 13. dxc4 a6 14. Qc3 Re8 15.
Nfd2 Bc7 16. c5 Be5 17. Qc1 Bxb2 18. Qxb2 Qc7 19. Nc4 Red8 20. Rfd1 Be4 21. Nba5
Bxg2 22. Kxg2 b5 23. cxb6 Nxb6 24. Qe5 Qxe5 25. Nxe5 c5 26. bxc5 Na4 27. Nb7 Rd5
28. Nc6 Rd7 29. Nca5 Rc7 30. c6 Nc3 31. Rd3 Nfd5 32. Kf3 g5 33. h3 Nb5 34. Rad1
f5 35. Nc5 Nbc3 36. Rc1 g4+ 37. hxg4 fxg4+ 38. Kg2 Nxe2 39. Rc4 Kf7 40. Kf1 Nec3
41. Rdxc3 Nxc3 42. Rxc3 h5 43. Re3 Re7 44. Nc4 Kf6 45. Nb6 Rh8 46. Ncd7+ Kf5 47.
c7 1-0

[Event "Gibraltar Masters 2015"]
[Site "Caleta ENG"]
[Date "2015.01.27"]
[Round "1.86"]
[White "Ferreira, Oscar Luiz Vieira"]
[Black "Docx, Stefan"]
[Result "0-1"]
[BlackTitle "IM"]
[WhiteElo "1980"]
[BlackElo "2450"]
[WhiteFideId "2185970"]
[BlackFideId "200778"]
[EventDate "2015.01.27"]

1. e4 c5 2. Nc3 a6 3. g3 b5 4. Bg2 Bb7 5. a3 e6 6. d3 d5 7. f4 Ne7 8. Nf3 g6 9.
Qe2 Bg7 10. O-O O-O 11. Rb1 Nbc6 12. Nd1 Nd4 13. Nxd4 cxd4 14. e5 Rc8 15. c3 Nc6
16. Qf2 Qb6 17. b4 Qa7 18. Bb2 dxc3 19. Qxa7 c2 20. Rc1 Nxa7 21. Ne3 Nc6 22.
Nxc2 g5 23. Nd4 gxf4 24. Nxc6 Bxc6 25. gxf4 Bh6 26. Bd4 Kh8 27. Rf3 Bb7 28. Rxc8
Rxc8 29. f5 Rc1+ 30. Kf2 Rc2+ 31. Kg3 Bc8 32. Bh3 Kg7 33. fxe6 Bxe6 34. Bxe6
fxe6 35. Bc5 Bc1 36. d4 Rc4 37. Kg4 Bb2 38. Bf8+ Kg8 39. Bh6 Rc8 40. Kg5 Bc1+
41. Kh5 Bxh6 42. Kxh6 Rc4 43. Rd3 Rc2 44. Rg3+ Kf8 45. h4 Rd2 46. Rg4 Re2 47.
Kxh7 Re4 48. Rg8+ Kf7 49. Rg7+ Kf8 50. h5 Rxd4 51. Rg6 Kf7 52. Rf6+ Ke7 53. Kg7
Rg4+ 54. Rg6 Rxg6+ 55. hxg6 d4 56. Kh7 d3 57. g7 d2 58. g8=Q d1=Q 59. Qg7+ Ke8
60. Qg6+ Kd8 61. Qxe6 Qd7+ 62. Qxd7+ Kxd7 0-1

[Event "Gibraltar Masters 2015"]
[Site "Caleta ENG"]
[Date "2015.01.27"]
[Round "1.87"]
[White "Mkrtchian, Lilit"]
[Black "Agbabishvili, Lali"]
[Result "1-0"]
[WhiteTitle "IM"]
[WhiteElo "2449"]
[BlackElo "1978"]
[WhiteFideId "13300601"]
[BlackFideId "2613433"]
[EventDate "2015.01.27"]

1. d4 d6 2. e4 g6 3. Nc3 Bg7 4. Be3 c6 5. Qd2 Nd7 6. Nf3 a6 7. a4 Qa5 8. Bd3
Ngf6 9. h3 b5 10. b4 Qc7 11. axb5 cxb5 12. Nxb5 Qb7 13. Nc3 Qxb4 14. O-O Qb7 15.
e5 Nd5 16. Rfb1 Qc6 17. Nxd5 Qxd5 18. Ng5 Rb8 19. Qc3 Rxb1+ 20. Rxb1 O-O 21. Be4
Qa2 22. Ra1 Qxa1+ 23. Qxa1 dxe5 24. dxe5 Bxe5 25. Bd4 Bxd4 26. Qxd4 Nf6 27. Bd3 1-0

[Event "Gibraltar Masters 2015"]
[Site "Caleta ENG"]
[Date "2015.01.27"]
[Round "1.88"]
[White "Klyszcz, Michael"]
[Black "Guo, Qi"]
[Result "0-1"]
[BlackTitle "IM"]
[WhiteElo "1975"]
[BlackElo "2439"]
[WhiteFideId "4655168"]
[BlackFideId "8604002"]
[EventDate "2015.01.27"]

1. Nf3 d5 2. g3 Bg4 3. Bg2 Nd7 4. d4 e6 5. O-O Ngf6 6. c4 c6 7. cxd5 exd5 8. Nc3
Bd6 9. Qc2 O-O 10. Bf4 Qe7 11. Bxd6 Qxd6 12. Rac1 Rfe8 13. h3 Bh5 14. Nh4 Nf8
15. e3 N6d7 16. Qf5 Qh6 17. b4 a6 18. a4 Nb6 19. Rfe1 Nc4 20. b5 axb5 21. axb5
Nd6 22. Qc2 Qf6 23. e4 Qxd4 24. bxc6 bxc6 25. exd5 Rxe1+ 26. Rxe1 c5 27. Nf3
Bxf3 28. Bxf3 Ra3 29. Re3 c4 30. Ne2 Qa1+ 31. Kg2 Ra2 32. Qc3 Qb1 33. Nd4 Ra1 0-1

[Event "Gibraltar Masters 2015"]
[Site "Caleta ENG"]
[Date "2015.01.27"]
[Round "1.89"]
[White "Neelotpal, Das"]
[Black "Othman, Mustapha"]
[Result "1-0"]
[WhiteTitle "GM"]
[WhiteElo "2437"]
[BlackElo "1968"]
[WhiteFideId "5003512"]
[BlackFideId "8500797"]
[EventDate "2015.01.27"]

1. e4 c5 2. Nc3 g6 3. Nf3 Bg7 4. d4 cxd4 5. Nxd4 Nc6 6. Be3 Nf6 7. Be2 O-O 8.
Nb3 a5 9. a4 d5 10. exd5 Nb4 11. Bf3 Bf5 12. Rc1 Rc8 13. O-O Nd7 14. g4 Bxc2 15.
Rxc2 Nxc2 16. Qxc2 Ne5 17. Bd1 Nc4 18. Bd4 e5 19. Bc5 Re8 20. Be2 Nd6 21. Rd1 e4
22. Qd2 b6 23. Bd4 Nc4 24. Bxc4 Rxc4 25. Qe2 Rb4 26. Bxg7 Kxg7 27. Nd4 Qh4 28.
d6 Rc8 29. Kh1 Rcc4 30. Ndb5 e3 31. d7 Rxb2 32. Qxb2 exf2 33. Ne4+ Kh6 34. g5+
Kh5 35. Qe2+ 1-0

[Event "Gibraltar Masters 2015"]
[Site "Caleta ENG"]
[Date "2015.01.27"]
[Round "1.90"]
[White "Spanton, Tim R"]
[Black "Teran Alvarez, Ismael"]
[Result "0-1"]
[BlackTitle "IM"]
[WhiteElo "1963"]
[BlackElo "2430"]
[WhiteFideId "404802"]
[BlackFideId "2204177"]
[EventDate "2015.01.27"]

1. d4 e6 2. c4 b6 3. Nc3 Bb4 4. Bd2 Nf6 5. Nf3 Bb7 6. e3 O-O 7. Bd3 c5 8. O-O d6
9. Qc2 Bxf3 10. gxf3 cxd4 11. exd4 Nc6 12. Be3 Rc8 13. Ne4 d5 14. Nxf6+ Qxf6 15.
Bxh7+ Kh8 16. Bd3 Nxd4 17. Bxd4 Qxd4 18. Rad1 Qh4 19. Qe2 Bd6 20. f4 Bxf4 21. f3
dxc4 22. Be4 Rc5 23. Kh1 Rh5 24. Rf2 g6 25. Rg1 Rd8 26. Qc2 Be3 27. Bxg6 Qxf2 0-1

[Event "Gibraltar Masters 2015"]
[Site "Caleta ENG"]
[Date "2015.01.27"]
[Round "1.91"]
[White "Nakar, Eylon"]
[Black "Boyer Censore, Giuseppe Enmanuel"]
[Result "1-0"]
[WhiteTitle "IM"]
[WhiteElo "2419"]
[BlackElo "1960"]
[WhiteFideId "2811111"]
[BlackFideId "3909085"]
[EventDate "2015.01.27"]

1. e4 c5 2. Nf3 e6 3. d4 cxd4 4. Nxd4 Nc6 5. Nc3 Qc7 6. Be3 a6 7. Qf3 Nf6 8.
O-O-O Be7 9. Be2 O-O 10. g4 d6 11. g5 Nd7 12. h4 Nxd4 13. Rxd4 b5 14. h5 Bb7 15.
Qh3 Nc5 16. Bg4 Rac8 17. g6 f5 18. exf5 Bxh1 19. Qxh1 h6 20. fxe6 a5 21. Rd2 Rb8
22. Nd5 Qb7 23. Rd4 Kh8 24. Qh2 Rbd8 25. f3 Rfe8 26. Qd2 Bf8 27. Rf4 Nxe6 28.
Rf7 Qc6 29. Bxh6 Rc8 30. Be3 b4 31. h6 gxh6 32. Rh7+ 1-0

[Event "Gibraltar Masters 2015"]
[Site "Caleta ENG"]
[Date "2015.01.27"]
[Round "1.92"]
[White "Lobersli, Henrik Oie"]
[Black "Nagy, Gabor1"]
[Result "0-1"]
[BlackTitle "IM"]
[WhiteElo "1957"]
[BlackElo "2410"]
[WhiteFideId "1511947"]
[BlackFideId "737119"]
[EventDate "2015.01.27"]

1. d4 Nf6 2. c4 e6 3. Nc3 c5 4. d5 exd5 5. cxd5 d6 6. e4 g6 7. Nge2 Bg7 8. Ng3
a6 9. a4 Nbd7 10. Be2 h5 11. O-O Rb8 12. f3 O-O 13. Bg5 Qc7 14. Qd2 Re8 15. Rfe1
c4 16. Nf1 b5 17. axb5 axb5 18. Bd1 Nc5 19. Bc2 Nfd7 20. f4 b4 21. Nd1 c3 22.
bxc3 bxc3 23. Qf2 Rb4 24. e5 dxe5 25. f5 e4 26. Ra3 Qd6 27. Nfe3 Ba6 28. fxg6
fxg6 29. Nxc3 Rb2 30. Qh4 Bd4 31. Bb1 Nd3 32. Bxd3 Qxa3 33. Bxa6 Qxc3 34. Kh1
Ra2 35. Bb5 Rf8 36. Bxd7 Bxe3 37. Be6+ Kh8 38. Bxe3 Qxe3 39. h3 Re2 40. Rg1 Qf4
41. Qe7 Qf6 42. Qc7 e3 43. Qg3 h4 44. Qg4 Rd2 45. Qb4 Rd4 46. Qa3 Re4 47. Qd3
Qd4 48. Qa3 Ref4 0-1

[Event "Gibraltar Masters 2015"]
[Site "Caleta ENG"]
[Date "2015.01.27"]
[Round "1.93"]
[White "Martinez Martin, David"]
[Black "Whatley, Stephen A J"]
[Result "1-0"]
[WhiteTitle "IM"]
[WhiteElo "2407"]
[BlackElo "1949"]
[WhiteFideId "2209748"]
[BlackFideId "420441"]
[EventDate "2015.01.27"]

1. e4 c5 2. Nf3 e6 3. c3 Nf6 4. e5 Nd5 5. d4 cxd4 6. cxd4 Nc6 7. Nc3 Nxc3 8.
bxc3 d6 9. exd6 Bxd6 10. Bd3 e5 11. dxe5 Nxe5 12. Nxe5 Bxe5 13. O-O O-O 14. Ba3
Qg5 15. Bxf8 Bg4 16. f4 Bxf4 17. Qa4 Be3+ 18. Kh1 Rxf8 19. Rae1 f5 20. Qb3+ Kh8
21. Qxb7 Bd2 22. Qe7 Qxe7 23. Rxe7 f4 24. h3 Bh5 25. c4 Bb4 26. Rxa7 f3 27. a3
Bc5 28. Ra5 Rc8 29. Bf5 Bb6 30. Bxc8 Bxa5 31. gxf3 Kg8 32. Be6+ Kf8 33. Bd5 Bb6
34. Rb1 Bc5 35. a4 1-0

[Event "Gibraltar Masters 2015"]
[Site "Caleta ENG"]
[Date "2015.01.27"]
[Round "1.94"]
[White "Tortolero, Cesar"]
[Black "Santiago, Yago De Moura"]
[Result "0-1"]
[BlackTitle "IM"]
[WhiteElo "1937"]
[BlackElo "2406"]
[WhiteFideId "3907368"]
[BlackFideId "2103877"]
[EventDate "2015.01.27"]

1. Nf3 Nf6 2. b3 d5 3. Bb2 c5 4. e3 a6 5. Be2 e6 6. O-O Bd6 7. d4 O-O 8. Ne5 Nc6
9. Nxc6 bxc6 10. Nd2 Qc7 11. g3 Qe7 12. Bf3 Bb7 13. Re1 cxd4 14. exd4 c5 15. c4
cxd4 16. cxd5 Nxd5 17. Nc4 Bc5 18. Bxd4 Bb4 19. Rf1 Rad8 20. Qc1 Nc3 21. Bxc3
Bxf3 22. Bxb4 Qxb4 23. Qe3 Ba8 24. Rad1 h6 25. f3 Rd5 26. Nb6 Rxd1 27. Rxd1 Bxf3
28. Qxf3 Qxb6+ 29. Kg2 Qc7 30. Rd2 Rd8 31. Rxd8+ Qxd8 32. Qc3 Qd5+ 33. Kf2 Kh7
34. a4 f5 35. a5 Kg6 36. Qb4 Kf7 37. Qb6 Qd2+ 38. Kg1 Qe1+ 39. Kg2 Qe2+ 40. Kg1
e5 41. b4 e4 42. Qd6 Qe3+ 43. Kg2 Qf3+ 44. Kg1 e3 45. Qf4 Qd1+ 0-1

[Event "Gibraltar Masters 2015"]
[Site "Caleta ENG"]
[Date "2015.01.27"]
[Round "1.95"]
[White "Solomon, Kenny"]
[Black "Lochte, Szilvia"]
[Result "1-0"]
[WhiteTitle "IM"]
[WhiteElo "2399"]
[BlackElo "1934"]
[WhiteFideId "14300192"]
[BlackFideId "708410"]
[EventDate "2015.01.27"]

1. d4 Nf6 2. c4 e6 3. g3 Bb4+ 4. Bd2 Qe7 5. Bg2 O-O 6. Qb3 Nc6 7. e3 Bxd2+ 8.
Nxd2 d6 9. Ne2 e5 10. d5 Nb8 11. O-O Nbd7 12. Qc2 a5 13. b3 Nc5 14. Nc3 Nh5 15.
a3 f5 16. b4 Na6 17. Qb3 axb4 18. axb4 Bd7 19. c5 e4 20. c6 bxc6 21. dxc6+ Be6
22. Qd1 Nf6 23. Ra4 Nd5 24. Nxd5 Bxd5 25. Qa1 Rab8 26. Rxa6 Rxb4 27. Qa5 1-0

[Event "Gibraltar Masters 2015"]
[Site "Caleta ENG"]
[Date "2015.01.27"]
[Round "1.96"]
[White "Burke, Mitchell R"]
[Black "Karavade, Eesha"]
[Result "0-1"]
[BlackTitle "IM"]
[WhiteElo "1928"]
[BlackElo "2398"]
[WhiteFideId "416231"]
[BlackFideId "5012600"]
[EventDate "2015.01.27"]

1. e4 c5 2. Nc3 d6 3. f4 g6 4. Nf3 Bg7 5. Bb5+ Bd7 6. Bc4 Nc6 7. O-O Na5 8. Be2
Nf6 9. d3 Nc6 10. Qe1 O-O 11. Qh4 Nd4 12. Bd1 Bc6 13. Ne2 Nxf3+ 14. Rxf3 e6 15.
f5 exf5 16. Bg5 h6 17. Bxh6 fxe4 18. Rh3 Nh5 19. Bxg7 Qxh4 20. Rxh4 Kxg7 21.
dxe4 Rfe8 22. Nc3 Nf6 23. Bf3 Bd7 24. Nd5 Nxd5 25. exd5 Bf5 26. c3 Re3 27. Kf2
Rae8 28. Rf4 R8e5 29. Ra4 a6 30. Ra3 Rd3 31. Rb3 b5 32. a4 Rd2+ 33. Kg3 Bc2 34.
Rba3 b4 0-1

[Event "Gibraltar Masters 2015"]
[Site "Caleta ENG"]
[Date "2015.01.27"]
[Round "1.97"]
[White "Foisor, Cristina-Adela"]
[Black "Downey, Keith"]
[Result "1-0"]
[WhiteTitle "IM"]
[WhiteElo "2390"]
[BlackElo "1919"]
[WhiteFideId "1200496"]
[BlackFideId "10700250"]
[EventDate "2015.01.27"]

1. c4 Nf6 2. g3 e6 3. Bg2 d5 4. Nf3 Be7 5. O-O O-O 6. b3 c5 7. Bb2 Nc6 8. e3 b6
9. Nc3 Bb7 10. Qe2 Qc7 11. Rac1 Rad8 12. Rfd1 Qb8 13. d4 cxd4 14. exd4 Na5 15.
c5 bxc5 16. dxc5 Nc6 17. Na4 Ne4 18. Ne1 Nf6 19. Nc2 a5 20. Nd4 Rfe8 21. Qb5 Qc7
22. Nb6 Ne4 23. Nxc6 Bxc6 24. Qxa5 Ra8 25. Qb4 Rxa2 26. Bd4 e5 27. Bxe4 dxe4 28.
Be3 Qb7 29. Qc4 Qa6 30. b4 Qxc4 31. Nxc4 f6 32. Ra1 Rea8 33. Na5 Rxa1 34. Rxa1
Bb5 35. Rc1 Rc8 36. Nc4 Rc7 37. Na3 Ba4 38. b5 Kf7 39. b6 Rc8 40. Nc4 Ke6 41.
Na5 Bd8 42. c6 Bxb6 43. Bxb6 f5 44. c7 g5 45. Nc6 1-0

[Event "Gibraltar Masters 2015"]
[Site "Caleta ENG"]
[Date "2015.01.27"]
[Round "1.98"]
[White "Gonzalez Espana, Maria Gabriela"]
[Black "Kuipers, Stefan"]
[Result "0-1"]
[WhiteTitle "WCM"]
[BlackTitle "IM"]
[WhiteElo "1917"]
[BlackElo "2390"]
[WhiteFideId "22273417"]
[BlackFideId "1018400"]
[EventDate "2015.01.27"]

1. c4 e5 2. Nc3 d6 3. g3 g6 4. Bg2 Bg7 5. e3 Nf6 6. Nge2 O-O 7. O-O Re8 8. d3 c6
9. Rb1 Be6 10. b4 d5 11. cxd5 cxd5 12. d4 e4 13. f3 exf3 14. Bxf3 Bh3 15. Re1
Bf5 16. Rb3 g5 17. b5 Qd7 18. Na4 b6 19. Bd2 Qe6 20. Rc3 Be4 21. Nc1 Bxf3 22.
Qxf3 Ne4 23. Rc2 Bxd4 24. Nd3 Bg7 25. Nb4 Nd7 26. Nc6 g4 27. Qe2 Ng5 28. Rd1 Qe4
29. Nb4 Nh3+ 0-1

[Event "Gibraltar Masters 2015"]
[Site "Caleta ENG"]
[Date "2015.01.27"]
[Round "1.99"]
[White "Houska, Jovanka"]
[Black "Machlik, Edit"]
[Result "1-0"]
[WhiteTitle "IM"]
[WhiteElo "2388"]
[BlackElo "1913"]
[WhiteFideId "405094"]
[BlackFideId "1513591"]
[EventDate "2015.01.27"]

1. d4 Nf6 2. Nf3 e6 3. c4 Bb4+ 4. Bd2 a5 5. e3 d6 6. Bd3 Nc6 7. O-O e5 8. d5 Ne7
9. Qc2 O-O 10. Nc3 h6 11. a3 Bxc3 12. Bxc3 a4 13. Nd2 Nd7 14. f4 exf4 15. exf4
Kh8 16. Ne4 Ng8 17. g4 b5 18. Qg2 f5 19. g5 Qe7 20. gxh6 Nxh6 21. Qg6 fxe4 22.
Bxe4 Nf6 23. Bxf6 gxf6 24. Qxh6+ Kg8 25. Kf2 Rf7 26. Rg1+ Rg7 27. Qh7+ 1-0

[Event "Gibraltar Masters 2015"]
[Site "Caleta ENG"]
[Date "2015.01.27"]
[Round "1.100"]
[White "Weishaeutel, Moritz"]
[Black "Padmini, Rout"]
[Result "0-1"]
[BlackTitle "WGM"]
[WhiteElo "1905"]
[BlackElo "2388"]
[WhiteFideId "12967300"]
[BlackFideId "5029295"]
[EventDate "2015.01.27"]

1. e4 c5 2. Nf3 d6 3. d4 cxd4 4. Nxd4 Nf6 5. Nc3 a6 6. f4 Qc7 7. Be3 Nbd7 8. Qf3
e6 9. g4 Nc5 10. g5 Nfd7 11. O-O-O b5 12. a3 Na4 13. Nxa4 bxa4 14. Rd3 Nc5 15.
Rc3 Qb7 16. Bg2 Rb8 17. b4 axb3 18. Nxb3 Na4 19. Rc4 Bd7 20. Rb4 Qc8 21. Rxb8
Qxb8 22. Bf2 d5 23. exd5 Bxa3+ 24. Kd1 O-O 25. dxe6 Bxe6 26. Nd4 Qb1+ 27. Kd2
Qb4+ 28. Ke3 Re8 0-1

[Event "Gibraltar Masters 2015"]
[Site "Caleta ENG"]
[Date "2015.01.27"]
[Round "1.101"]
[White "Zude, Arno"]
[Black "Kim, Yongjoo"]
[Result "1-0"]
[WhiteTitle "IM"]
[WhiteElo "2377"]
[BlackElo "1903"]
[WhiteFideId "4600754"]
[BlackFideId "13201352"]
[EventDate "2015.01.27"]

1. e4 c6 2. d4 d5 3. exd5 cxd5 4. c4 Nf6 5. Nc3 Nc6 6. Bg5 e6 7. Nf3 Be7 8. c5
O-O 9. Bb5 Ne4 10. Bxe7 Nxe7 11. Rc1 Bd7 12. Bd3 f5 13. O-O Nc6 14. Bb5 Ne7 15.
Bxd7 Qxd7 16. Ne5 Qe8 17. f3 Nxc3 18. Rxc3 Ng6 19. Re1 Nxe5 20. Rxe5 b6 21. c6
Rc8 22. Qc2 Rf7 23. b4 b5 24. Re1 Rfc7 25. Rc1 g5 26. Rc5 a6 27. a4 Kf7 28. h3
h5 29. axb5 axb5 30. Qd2 Kg6 31. Qd3 Rxc6 32. Qxb5 Rxc5 33. Qxe8+ 1-0

[Event "Gibraltar Masters 2015"]
[Site "Caleta ENG"]
[Date "2015.01.27"]
[Round "1.102"]
[White "Klug, Christian"]
[Black "Codenotti, Marco"]
[Result "0-1"]
[BlackTitle "IM"]
[WhiteElo "1884"]
[BlackElo "2374"]
[WhiteFideId "24621722"]
[BlackFideId "800015"]
[EventDate "2015.01.27"]

1. d4 Nf6 2. c4 g6 3. Nc3 d5 4. cxd5 Nxd5 5. e4 Nxc3 6. bxc3 Bg7 7. Nf3 c5 8.
Rb1 O-O 9. Be2 b6 10. O-O Bb7 11. Bd3 cxd4 12. cxd4 e6 13. Bg5 Qd7 14. Bb5 Bc6
15. Qe2 h6 16. Be3 Qd6 17. Bd3 Bb7 18. Qd2 Nc6 19. e5 Qd5 20. Rb5 Qd7 21. Bxh6
Nxd4 22. Nxd4 Qxd4 23. Be3 Qd7 24. f4 Rfd8 25. Rd1 Bf8 26. Qe2 Rac8 27. Rbb1 Qa4
28. Bb5 Qe4 29. Rxd8 Rxd8 30. Rb2 a6 31. Bc4 b5 32. Bb3 Rd3 33. Bc1 Qd4+ 34. Qf2
Bc5 35. Qxd4 Bxd4+ 36. Kf1 Bxb2 37. Bxb2 Bxg2+ 0-1

[Event "Gibraltar Masters 2015"]
[Site "Caleta ENG"]
[Date "2015.01.27"]
[Round "1.103"]
[White "Khademalsharieh, Sarasadat"]
[Black "Gravett, Alan D"]
[Result "1-0"]
[WhiteTitle "WGM"]
[WhiteElo "2372"]
[BlackElo "1877"]
[WhiteFideId "12512214"]
[BlackFideId "406171"]
[EventDate "2015.01.27"]

1. d4 Nf6 2. Nf3 c5 3. d5 d6 4. Nc3 g6 5. e4 Bg7 6. Bb5+ Bd7 7. a4 O-O 8. Bxd7
Nbxd7 9. O-O b6 10. h3 a6 11. Qe2 Qc8 12. Bf4 Rb8 13. e5 Nh5 14. Bh2 Nxe5 15.
Nxe5 dxe5 16. Bxe5 Bxe5 17. Qxe5 Re8 18. Rfe1 Qf5 19. Qc7 Nf4 20. Re5 Qxc2 21.
Rxe7 Qxb2 22. Rae1 Rf8 23. R1e3 Nh5 24. g4 Ng7 25. Rf3 Qc1+ 26. Kg2 Ne8 27. Qxb8 1-0